Home (kod) lyrics- Playboi Carti - Statistics

General Stats
  • This quiz has been taken 56 times
  • The average score is 177 of 259
Answer Stats
Hint Answer % Correct
I
100%
Me
98%
x7 For
96%
Ho
96%
x7 Home
96%
x7 It
96%
x2 | x7 Money
96%
x7 Bring
93%
x7 Daddy
93%
x7 That
93%
Bitch
91%
x7 Waitin
91%
A
84%
Go
84%
The
82%
You
82%
Got
78%
My
78%
She
78%
To
76%
Hoes
73%
Loyal
73%
Bought
71%
Dont
71%
Don’t
71%
Gotta
71%
Her
71%
Pay
71%
Those
71%
When
71%
All
69%
Clothes
69%
In
69%
Know
69%
On
67%
Shows
67%
Took
67%
We
67%
Back
64%
Hood
64%
Like
64%
Play
64%
Spoiled
64%
With
64%
And
62%
Lil
62%
Out
62%
Treat
62%
Bag
60%
Good
60%
Of
60%
Some
60%
Fucked
58%
Look
58%
Lot
58%
Now
58%
Your
58%
Comin
56%
It’s
56%
Its
56%
Meet
56%
Pics
56%
Yeah
56%
Couple
53%
Goals
53%
Wanna
53%
Was
53%
Zone
53%
Girl
51%
Respond
51%
Ball
49%
But
49%
Had
49%
Mood
49%
Things
49%
Cash
47%
Miami
47%
New
47%
Swings
47%
Bitches
44%
Boat
44%
Door
44%
Fat
44%
Im
44%
Kill
44%
Lambo
44%
Players
44%
Surgeries
44%
Tried
44%
What
44%
Anything
42%
x2 Counter
42%
Fucking
42%
Gettin
42%
Them
42%
Bout
40%
Carti
40%
Grow
40%
Might
40%
Shits
40%
Though
40%
Alone
38%
Broke
38%
Goes
38%
Left
38%
Molly
38%
Phone
38%
Room
38%
Through
38%
Changin
36%
Drive
36%
Leg
36%
Still
36%
If
33%
Yung
33%
Told
31%
Come
29%
Helped
29%
Text
29%
Walked
27%
Talkin
24%
Just
22%
Here
20%
Oh
20%
Up
16%
Hold
11%
No matching quizzes found
Score Distribution
Percent of People with Each Score
Percentile by Number Answered
Your Score History
You have not taken this quiz